[Event "Open Vitrolles 2024/25"]
[Site "Vitrolles"]
[Date "2024.11.09"]
[Round "3.2"]
[White "Cens, Alain"]
[Black "Mata, Thierry"]
[Result "0-1"]
[WhiteElo "1701"]
[BlackElo "1691"]
[PlyCount "54"]Open Aubagne 2024/25

1. c4 c5 2. Nc3 Nf6 3. g3 d5 4. cxd5 Nxd5 5. e4 Nb4 6. d3 g6 7. Bg2 Nxd3+ 8.
Kf1 Bg7 9. Nf3 O-O 10. Qb3 Nc6 11. Be3 Nde5 12. Rd1 Qa5 13. Nxe5 Nxe5 14. f3
Qa6+ 15. Qb5 b6 16. Kf2 e6 17. h3 Nc4 18. Bf1 Qxb5 19. Nxb5 Nxe3 20. Kxe3 Bxb2
21. Nc7 Bd4+ 22. Kd3 Rb8 23. Kc4 Rb7 24. Nb5 Rd7 25. Nxd4 cxd4 26. Rxd4 Ba6+
27. Kc3 Rc8+ 0-1

[Event "Open Vitrolles 2024/25"]
[Site "Vitrolles"]
[Date "2024.11.09"]
[Round "3.3"]
[White "Chabaud, Philippe"]
[Black "Biard, Noah"]
[Result "1-0"]
[WhiteElo "1619"]
[BlackElo "1641"]
[PlyCount "93"]Open Aubagne 2024/25

1. d4 d5 2. Nf3 Nf6 3. Bf4 Bg4 4. e3 e6 5. Nbd2 c5 6. c3 Nc6 7. Qa4 Nd7 8. Bb5
Qb6 9. O-O Be7 10. Bxc6 bxc6 11. Ne5 Nxe5 12. Bxe5 O-O 13. dxc5 Bxc5 14. Qxg4
f6 15. Bd4 Bxd4 16. Qxe6+ Kh8 17. cxd4 Qxb2 18. Nb3 Rac8 19. Rfb1 Qa3 20. Nc5
Qc3 21. Rc1 Qa3 22. Nb7 Qb2 23. Nd6 Rc7 24. a3 c5 25. Qxd5 cxd4 26. Rcb1 Qc3
27. Qxd4 Qc6 28. Qb4 Rd7 29. Nf5 Rfd8 30. Nd4 Qe4 31. h3 f5 32. Nf3 Qe6 33. Qb3
Qf6 34. Rd1 Rxd1+ 35. Rxd1 Rf8 36. Qd3 f4 37. e4 Re8 38. e5 Qf8 39. Qd6 Qf7 40.
e6 Qf6 41. Qd7 Qf8 42. Qf7 Qxf7 43. exf7 Rf8 44. Rd7 g6 45. Ne5 Kg7 46. Rxa7
Rc8 47. Nd7 1-0

[Event "Open Vitrolles 2024/25"]
[Site "Vitrolles"]
[Date "2024.11.09"]
[Round "3.4"]
[White "Thiers, Jean-Jacques"]
[Black "Bouriel, Michel"]
[Result "0-1"]
[WhiteElo "1655"]
[BlackElo "1588"]
[PlyCount "94"]Open Aubagne 2024/25

1. d4 Nf6 2. Nf3 g6 3. e3 Bg7 4. Bd3 O-O 5. Nbd2 d6 6. c3 a6 7. O-O b5 8. Re1
Bb7 9. e4 e6 10. a4 bxa4 11. Rxa4 Nbd7 12. Nb3 Bc6 13. Ra3 Bb7 14. Na5 Qc8 15.
Qe2 Nb8 16. Be3 Bxe4 17. Bxe4 Nxe4 18. Rea1 d5 19. Ne5 c5 20. dxc5 Nxc5 21.
Nec6 Nxc6 22. Bxc5 Nxa5 23. Bxf8 Nc4 24. R3a2 Bxf8 25. b3 Nd6 26. Qd3 Ne4 27.
c4 Nf6 28. g3 Bg7 29. Ra4 Ne4 30. cxd5 Bxa1 31. Qxe4 exd5 32. Qxd5 Bf6 33. Rc4
Qd8 34. Qc6 Kg7 35. Ra4 Qd1+ 36. Kg2 Qxb3 37. Rf4 Bg5 38. Rf3 Qb8 39. h4 Be7
40. Qd5 Qe8 41. Qd4+ Bf6 42. Rxf6 Kg8 43. h5 Rd8 44. Qg4 Qe7 45. Rxa6 Qb7+ 46.
Kh3 Qxa6 47. h6 Qe6 0-1

[Event "Open Vitrolles 2024/25"]
[Site "Vitrolles"]
[Date "2024.11.09"]
[Round "3.5"]
[White "Yon, Francois"]
[Black "Romeuf, Benjamin"]
[Result "1-0"]
[WhiteElo "1601"]
[BlackElo "1638"]
[PlyCount "57"]Open Aubagne 2024/25

1. d4 Nf6 2. Bf4 c5 3. dxc5 e6 4. Bd6 Bxd6 5. cxd6 Qb6 6. b3 Ne4 7. e3 Nxd6 8.
Nf3 O-O 9. Nbd2 Nc6 10. Be2 Ne8 11. O-O d5 12. c4 Nf6 13. cxd5 Nxd5 14. Nc4 Qc7
15. Qc2 Qe7 16. a3 b5 17. Ncd2 Qb7 18. b4 a6 19. Nb3 Nce7 20. Rac1 Bd7 21. Nc5
Qa7 22. Ne5 Rfd8 23. Nexd7 Rxd7 24. Nxd7 Qxd7 25. Rfd1 Qb7 26. Bf3 Rc8 27. Qb2
Qa7 28. Rxc8+ Nxc8 29. e4 1-0

[Event "Open Vitrolles 2024/25"]
[Site "Vitrolles"]
[Date "2024.11.09"]
[Round "3.6"]
[White "Benoit-Lizon, Alain"]
[Black "Ribelles, Anthony"]
[Result "1-0"]
[WhiteElo "1617"]
[BlackElo "1576"]
[PlyCount "97"]Open Aubagne 2024/25

1. e4 e5 2. Nf3 Nc6 3. Bb5 a6 4. Bxc6 dxc6 5. O-O Bg4 6. h3 h5 7. d3 Bc5 8. Be3
Bxe3 9. fxe3 Qe7 10. Nbd2 O-O-O 11. hxg4 hxg4 12. Nh2 Nf6 13. Nxg4 Kb8 14. Nxf6
gxf6 15. Qf3 Rh6 16. Kf2 Rg8 17. Rg1 Qb4 18. Nb3 Qd6 19. Raf1 c5 20. Ke2 b5 21.
c4 b4 22. Kd2 Qb6 23. Kc2 a5 24. Kb1 a4 25. Nc1 Rg5 26. Qd1 Qa6 27. Rf5 Rg3 28.
Qd2 Rh2 29. Qf2 Rg6 30. Ne2 Qd6 31. Nc1 Ka7 32. Qf1 Kb7 33. Rf2 Ka7 34. Rh1
Rxh1 35. Qxh1 Qf8 36. Ne2 Qg8 37. Ng1 f5 38. exf5 Rd6 39. Rd2 Qg3 40. Nf3 e4
41. Qh2 Qg7 42. dxe4 a3 43. e5 Rh6 44. Qf4 Qh8 45. bxa3 bxa3 46. Kc2 Qb8 47.
Qxh6 Qb2+ 48. Kd3 Qb1+ 49. Ke2 1-0

[Event "Open Vitrolles 2024/25"]
[Site "Vitrolles"]
[Date "2024.11.09"]
[Round "3.7"]
[White "Chauvet, Joelle"]
[Black "Derien, Robert"]
[Result "0-1"]
[WhiteElo "1597"]
[BlackElo "1615"]
[PlyCount "107"]Open Aubagne 2024/25

1. d4 Nf6 2. Nf3 d5 3. e3 e6 4. c4 c5 5. Nc3 Nc6 6. b3 cxd4 7. Nxd4 a6 8. Bb2
dxc4 9. Bxc4 Bd6 10. O-O O-O 11. Re1 Ne5 12. Be2 b5 13. Rc1 Bb7 14. f3 Rc8 15.
Qd2 Bb4 16. a3 Ba5 17. b4 Bb6 18. Nd1 Qd7 19. Nf2 Bd5 20. f4 Nc4 21. Bxc4 Bxc4
22. Nf3 Qe7 23. Bd4 Rfd8 24. Qb2 Bxd4 25. Nxd4 Rc7 26. Nf3 Rcd7 27. Ne5 Rd2 28.
Rc2 Qd6 29. Nxc4 bxc4 30. Rxd2 Qxd2 31. Qxd2 Rxd2 32. Rc1 g6 33. Rxc4 Ra2 34.
h3 Rxa3 35. e4 Kg7 36. Rd4 Nh5 37. e5 Ng3 38. Rd2 h5 39. h4 Ra1+ 40. Rd1 Rxd1+
41. Nxd1 Ne2+ 42. Kf2 Nxf4 43. Nb2 Nd5 44. Nd3 f6 45. exf6+ Kxf6 46. Kf3 Kf5
47. g3 e5 48. Ke2 e4 49. Nc5 Nxb4 50. Nb3 Kg4 51. Ke3 Kxg3 52. Kxe4 Kxh4 53.
Kf3 g5 54. Nd4 0-1

[Event "Open Vitrolles 2024/25"]
[Site "Vitrolles"]
[Date "2024.11.09"]
[Round "3.8"]
[White "Graells, Christian"]
[Black "Coquet, Bruno"]
[Result "1-0"]
[WhiteElo "1614"]
[BlackElo "1509"]
[PlyCount "93"]Open Aubagne 2024/25

1. e4 e5 2. Nf3 Nc6 3. Bb5 Nf6 4. O-O Nxe4 5. d4 Nd6 6. Bxc6 dxc6 7. Nxe5 Be7
8. c4 O-O 9. c5 Nf5 10. Be3 Nxe3 11. fxe3 Bg5 12. Qe2 Be6 13. Nd2 Bd5 14. Ndf3
Re8 15. e4 Be6 16. Qd3 Bh6 17. b3 g6 18. Rae1 Qe7 19. Nc4 Rad8 20. b4 a5 21.
Nxa5 Bxa2 22. Nxb7 Rb8 23. Na5 Qe6 24. Qc2 Rxb4 25. Ne5 Reb8 26. Nxf7 Rb2 27.
Nxh6+ Kg7 28. Qc1 Rb1 29. Qf4 Rxe1 30. Rxe1 Rb1 31. Rxb1 Bxb1 32. Ng4 Bxe4 33.
Qh6+ Kg8 34. Qf4 Bd5 35. Ne5 Qf5 36. Qxf5 gxf5 37. Naxc6 Be4 38. Kf2 Kg7 39. g3
Kf6 40. Ke3 Ke6 41. Nb4 c6 42. g4 Bg2 43. Nexc6 Bxc6 44. Nxc6 fxg4 45. Ke4 h5
46. Ne5 Ke7 47. d5 1-0

[Event "Open Vitrolles 2024/25"]
[Site "Vitrolles"]
[Date "2024.11.09"]
[Round "3.9"]
[White "Muteaux, Stephane"]
[Black "Scamaroni, Jean-Paul"]
[Result "1-0"]
[WhiteElo "1399"]
[BlackElo "1606"]
[PlyCount "111"]Open Aubagne 2024/25

1. b3 e5 2. Bb2 d6 3. e3 Nf6 4. Nf3 Bg4 5. Be2 Be7 6. d3 O-O 7. Nbd2 Nbd7 8.
O-O h6 9. a3 Nh7 10. c4 f5 11. Qc2 Bf6 12. Rfe1 Qe7 13. Nf1 Rae8 14. Ng3 Ng5
15. Qd2 Qd8 16. Nxg5 Bxg5 17. f3 f4 18. Ne4 Be6 19. Nxg5 Qxg5 20. Bf1 fxe3 21.
Qxe3 Qxe3+ 22. Rxe3 Rf6 23. b4 Ref8 24. d4 Bf5 25. dxe5 dxe5 26. Bxe5 Re6 27.
Rae1 Rfe8 28. f4 Nf6 29. h3 Nd7 30. c5 Nxe5 31. fxe5 Kf8 32. g4 Bg6 33. Bc4
R6e7 34. Rf1+ Bf7 35. e6 c6 36. exf7 Rxe3 37. fxe8=Q+ Kxe8 38. Rf7 Rxh3 39.
Rxg7 Rxa3 40. Rxb7 Rg3+ 41. Kh2 Rxg4 42. Be6 Re4 43. Bd7+ Kf7 44. Bxc6+ Re7 45.
Rxe7+ Kxe7 46. b5 Kd8 47. Kh3 Kc7 48. Bf3 Kb8 49. Kh4 Kc7 50. Kh5 Kb8 51. Kxh6
Kc7 52. Kg6 Kb8 53. Kf6 Kc7 54. Ke6 Kd8 55. Kd6 Kc8 56. Bg4+ 1-0

[Event "Open Vitrolles 2024/25"]
[Site "Vitrolles"]
[Date "2024.11.09"]
[Round "3.10"]
[White "Bregier, Gerard"]
[Black "Schoeni, Christine"]
[Result "1/2-1/2"]
[WhiteElo "1568"]
[BlackElo "1399"]
[PlyCount "190"]Open Aubagne 2024/25

1. Nf3 d5 2. g3 Nf6 3. Bg2 e6 4. O-O Be7 5. c4 c6 6. b3 O-O 7. Bb2 Nbd7 8. d3
c5 9. cxd5 exd5 10. d4 Rb8 11. dxc5 Nxc5 12. Nc3 Be6 13. Qc2 Nce4 14. Rfd1 h6
15. Rac1 Rc8 16. Qb1 Qb6 17. e3 Rfd8 18. Nd4 a6 19. Nce2 Rxc1 20. Rxc1 Bb4 21.
Nf3 Rc8 22. Rd1 Bd6 23. Qd3 Qb5 24. Qxb5 axb5 25. Ned4 Bd7 26. Nd2 Nxd2 27.
Rxd2 Ra8 28. Bc1 Bb4 29. Rc2 Ba3 30. Bd2 Rc8 31. Ba5 Rxc2 32. Nxc2 Ne4 33. Nxa3
Bc6 34. Nc2 f5 35. Bc7 Kf7 36. Nd4 Bd7 37. b4 g6 38. Nf3 Ke6 39. h4 g5 40. Nd4+
Kf6 41. Bd8+ Kg6 42. Bh3 g4 43. Bf1 h5 44. Nxb5 Nd2 45. Bg2 Bxb5 46. Bxd5 Nf3+
47. Kg2 Ne5 48. Bxb7 Nf7 49. Bc8 Nxd8 50. f4 Bc6+ 51. Kf2 Nf7 52. Ba6 Nd6 53.
Ke2 Ne4 54. b5 Bd5 55. b6 Nxg3+ 56. Kd3 Be4+ 57. Kd2 Nf1+ 58. Ke2 Ng3+ 59. Kf2
Nh1+ 60. Kg1 g3 61. b7 Bxb7 62. Bxb7 Nf2 63. Kg2 Ng4 64. Kxg3 Nxe3 65. a4 Nc4
66. Kf3 Na5 67. Ba6 Nb3 68. Bb7 Kf6 69. Ke3 Ke6 70. Bc8+ Kf6 71. Kd3 Nc5+ 72.
Kd4 Nxa4 73. Kd5 Nc3+ 74. Kd4 Ne2+ 75. Ke3 Ng3 76. Kf3 Ne4 77. Ke3 Nd6 78. Bd7
Nc4+ 79. Kd4 Nb6 80. Be8 Nc8 81. Bxh5 Ne7 82. Kc5 Kg7 83. Be8 Kh6 84. h5 Ng8
85. Bg6 Ne7 86. Bf7 Kg7 87. Be8 Ng8 88. Kd5 Nf6+ 89. Ke6 Nxe8 90. Kxf5 Kh6 91.
Kg4 Nf6+ 92. Kh4 Nxh5 93. f5 Nf6 94. Kg3 Kg5 95. Kf3 Kxf5 1/2-1/2

[Event "Open Vitrolles 2024/25"]
[Site "Vitrolles"]
[Date "2024.11.30"]
[Round "4.1"]
[White "Briquet, Xavier"]
[Black "Chabaud, Philippe"]
[Result "1/2-1/2"]
[WhiteElo "1692"]
[BlackElo "1619"]
[PlyCount "73"]
[EventDate "1.??.??"]

1. e4 e6 2. d4 d5 3. Nd2 dxe4 4. Nxe4 Nd7 5. Nf3 Ngf6 6. Bd3 Nxe4 7. Bxe4 Nf6
8. Bd3 c5 9. O-O Be7 10. c3 O-O 11. Qc2 Bd7 12. Re1 Rc8 13. Ng5 h6 14. Nf3 c4
15. Bf1 Qc7 16. Ne5 Bb5 17. Qe2 Bd6 18. Bf4 Kh7 19. h4 Nd5 20. Bd2 Bxe5 21.
dxe5 Qe7 22. Qh5 Be8 23. g3 f5 24. Qe2 f4 25. Bg2 fxg3 26. Be4+ Kh8 27. fxg3
Qc5+ 28. Be3 Nxe3 29. Qxe3 Qxe3+ 30. Rxe3 Bc6 31. Bc2 Rcd8 32. Rd1 b5 33. b3
Rxd1+ 34. Bxd1 Rd8 35. Bf3 Bxf3 36. Rxf3 cxb3 37. axb3 1/2-1/2

[Event "Open Vitrolles 2024/25"]
[Site "Vitrolles"]
[Date "2024.11.30"]
[Round "4.2"]
[White "Mata, Thierry"]
[Black "Siguret, William"]
[Result "0-1"]
[WhiteElo "1691"]
[BlackElo "1737"]
[PlyCount "70"]Open Aubagne 2024/25

1. d4 d5 2. Nf3 Nf6 3. e3 c5 4. b3 cxd4 5. exd4 Nc6 6. Bb2 Bf5 7. Nh4 Bg4 8. f3
Bh5 9. g4 Bg6 10. Nxg6 hxg6 11. Qd2 e6 12. Nc3 Bb4 13. O-O-O Qc7 14. Kb1 O-O-O
15. a3 Ba5 16. b4 Nxb4 17. axb4 Bxb4 18. g5 Ne8 19. h4 Qa5 20. Qd3 a6 21. Na2
Be7 22. Be2 Nd6 23. Qc3+ Qxc3 24. Bxc3 Kd7 25. Bb2 b5 26. Nb4 Nc4 27. Nxa6 Ra8
28. Nc5+ Kc6 29. Nd3 f6 30. Nf4 Ba3 31. Bxc4 bxc4 32. Bxa3 Rxa3 33. gxf6 Rb8+
34. Kc1 c3 35. Nxd5 Ra1# 0-1

[Event "Open Vitrolles 2024/25"]
[Site "Vitrolles"]
[Date "2024.11.30"]
[Round "4.3"]
[White "Derien, Robert"]
[Black "Cens, Alain"]
[Result "1-0"]
[WhiteElo "1615"]
[BlackElo "1701"]
[PlyCount "111"]
[EventDate "1.??.??"]

1. e4 c5 2. Nc3 Nc6 3. Nf3 d6 4. Be2 Nf6 5. d4 cxd4 6. Nxd4 g6 7. Be3 Bg7 8.
O-O O-O 9. f4 Bd7 10. f5 Nxd4 11. Bxd4 Bc6 12. Bd3 Qa5 13. a3 Nd7 14. b4 Qc7
15. Bxg7 Kxg7 16. b5 Bxb5 17. Nxb5 Qc5+ 18. Kh1 a6 19. a4 axb5 20. axb5 Ne5 21.
Qe2 Qc3 22. Rab1 Ra3 23. Qf2 f6 24. fxg6 hxg6 25. b6 Nxd3 26. cxd3 Qxd3 27. e5
dxe5 28. Rfd1 Qe4 29. Qc5 Rd3 30. Re1 Qd5 31. Qxe7+ Rf7 32. Qb4 Rd2 33. Qg4 Rd7
34. h3 Qd4 35. Qf3 Qf4 36. Qxf4 exf4 37. Rbc1 R2d6 38. Rc7 Rd1 39. Rxd7+ Rxd7
40. Rc1 Kf7 41. h4 Ke6 42. Kg1 Rd6 43. Rb1 Kd7 44. Kf2 Kc6 45. Kf3 Kc5 46. Kxf4
Rxb6 47. Rxb6 Kxb6 48. g4 Kc6 49. h5 gxh5 50. gxh5 b5 51. h6 Kc5 52. h7 b4 53.
h8=Q Kc4 54. Qc8+ Kb3 55. Ke3 Kb2 56. Kd3 1-0

[Event "Open Vitrolles 2024/25"]
[Site "Vitrolles"]
[Date "2024.11.30"]
[Round "4.4"]
[White "Torelli, Roger"]
[Black "Graells, Christian"]
[Result "1-0"]
[WhiteElo "1686"]
[BlackElo "1614"]
[PlyCount "178"]
[EventDate "1.??.??"]

1. e4 e5 2. Nf3 Nc6 3. Bc4 Bc5 4. c3 Nf6 5. d3 h6 6. b4 Bd6 7. Nbd2 a6 8. a4
O-O 9. Nf1 Be7 10. Ng3 d5 11. exd5 Nxd5 12. Bb2 Qd6 13. O-O Nf6 14. Re1 Be6 15.
Ba2 b5 16. Bxe6 fxe6 17. a5 Rad8 18. Qb3 Nd5 19. Rad1 Nf4 20. d4 Qd5 21. Qxd5
Rxd5 22. Nxe5 Nxe5 23. Rxe5 Rxe5 24. dxe5 c5 25. Rd7 Nd5 26. Ba3 Bh4 27. bxc5
Rf4 28. Bb4 Rc4 29. Rd6 Nxb4 30. cxb4 Rxb4 31. Rxa6 Kf7 32. Ra7+ Be7 33. c6 Rc4
34. c7 b4 35. Rb7 b3 36. h3 b2 37. Rxb2 Rxc7 38. Rb5 Ra7 39. Ne4 Bd8 40. Nd6+
Kg6 41. Nc4 Ra6 42. Rb6 Bxb6 43. axb6 Ra1+ 44. Kh2 Rb1 45. f4 Rb4 46. b7 Rxb7
47. Nd6 Rb4 48. Kg3 Rb3+ 49. Kg4 Rb4 50. Kf3 h5 51. Ne4 Rb3+ 52. Kf2 Kf5 53.
Ng3+ Kg6 54. Ne4 h4 55. Nd6 Kh5 56. Nf7 Rb8 57. Kf3 Rf8 58. Ng5 Re8 59. g4+
hxg3 60. Kxg3 g6 61. Kf3 Kh4 62. Kg2 Re7 63. Kf3 Kh5 64. Kg3 Kh6 65. Kg4 Kg7
66. h4 Kh6 67. Kg3 Kh5 68. Kh3 Rc7 69. Nxe6 Rc3+ 70. Kg2 Kxh4 71. Nf8 Kg4 72.
Nxg6 Kf5 73. Ne7+ Ke6 74. Ng6 Rc4 75. Kf3 Kf5 76. Ne7+ Ke6 77. Ng6 Rc6 78. Kg4
Rc4 79. Kg5 Kf7 80. f5 Kg7 81. f6+ Kf7 82. Kf5 Rc6 83. Nf4 Rc5 84. Ne6 Rc8 85.
Ng5+ Kf8 86. e6 Rc5+ 87. Kg6 Re5 88. Nh7+ Ke8 89. f7+ Ke7 1-0

[Event "Open Vitrolles 2024/25"]
[Site "Vitrolles"]
[Date "2024.11.30"]
[Round "4.5"]
[White "Muteaux, Stephane"]
[Black "Benoit-Lizon, Alain"]
[Result "0-1"]
[WhiteElo "1399"]
[BlackElo "1617"]
[PlyCount "78"]Open Aubagne 2024/25

1. b3 e5 2. Bb2 Nc6 3. e3 Bc5 4. Bb5 Qg5 5. Nf3 Qe7 6. Bxc6 bxc6 7. Bxe5 Nf6 8.
Bxc7 d6 9. Ba5 O-O 10. d4 Bb6 11. Bxb6 axb6 12. O-O Bf5 13. Nbd2 Rfe8 14. c4
Red8 15. Re1 d5 16. Ne5 Qd6 17. Ndf3 h6 18. Qd2 Ne4 19. Qb2 f6 20. Nh4 fxe5 21.
Nxf5 Qf6 22. f3 Qxf5 23. fxe4 Qxe4 24. Qd2 Re8 25. a4 Rad8 26. Rac1 c5 27. Qc2
Qxc2 28. Rxc2 exd4 29. Rd2 dxc4 30. bxc4 Ra8 31. Rde2 dxe3 32. Rxe3 Rxe3 33.
Rxe3 Rxa4 34. Rc3 Kf7 35. Kf2 Kf6 36. h3 Ke5 37. Ke3 Ra2 38. g4 Rh2 39. Rb3
Rxh3+ 0-1

[Event "Open Vitrolles 2024/25"]
[Site "Vitrolles"]
[Date "2024.11.30"]
[Round "4.6"]
[White "Biard, Noah"]
[Black "Yon, Francois"]
[Result "1-0"]
[WhiteElo "1641"]
[BlackElo "1601"]
[PlyCount "35"]Open Aubagne 2024/25

1. e4 d5 2. exd5 Qxd5 3. Nc3 Qd8 4. d4 Nf6 5. Bc4 a6 6. Bg5 c6 7. Bxf6 exf6 8.
Qe2+ Be7 9. O-O-O O-O 10. Nf3 Re8 11. Rhe1 f5 12. Kb1 b5 13. Bb3 Kf8 14. Ne5
Bf6 15. Qh5 g6 16. Qxh7 Bg7 17. Nxg6+ fxg6 18. Qg8# 1-0

[Event "Open Vitrolles 2024/25"]
[Site "Vitrolles"]
[Date "2024.11.30"]
[Round "4.7"]
[White "Romeuf, Benjamin"]
[Black "Bregier, Gerard"]
[Result "1-0"]
[WhiteElo "1638"]
[BlackElo "1568"]
[PlyCount "39"]
[EventDate "1.??.??"]

1. d4 d5 2. c4 dxc4 3. e3 e6 4. Bxc4 c5 5. d5 exd5 6. Bxd5 Nf6 7. Bxf7+ Ke7 8.
Qxd8+ Kxd8 9. Nf3 Nc6 10. O-O Bd6 11. Nc3 Ne5 12. Nxe5 Bxe5 13. Rd1+ Ke7 14.
Bc4 Bf5 15. Nd5+ Nxd5 16. Rxd5 Kf6 17. f4 Bc7 18. b3 b6 19. Bb2+ Kg6 20. g4 1-0

[Event "Open Vitrolles 2024/25"]
[Site "Vitrolles"]
[Date "2024.11.30"]
[Round "4.8"]
[White "Coquet, Bruno"]
[Black "Thiers, Jean-Jacques"]
[Result "1-0"]
[WhiteElo "1509"]
[BlackElo "1655"]
[PlyCount "87"]
[EventDate "1.??.??"]

1. e4 d6 2. d4 g6 3. Nf3 Bg7 4. Be3 Nd7 5. Qd2 a6 6. a4 b6 7. g3 Bb7 8. Nc3 c5
9. Rd1 Ngf6 10. d5 Ng8 11. Bh3 Bc8 12. Bg2 Rb8 13. O-O Ngf6 14. Bh6 O-O 15.
Bxg7 Kxg7 16. Rfe1 Ne5 17. Nxe5 dxe5 18. b3 Ne8 19. Kh1 Nd6 20. Ne2 f6 21. Ng1
Bd7 22. Bh3 Be8 23. Qe3 Qc7 24. Nf3 b5 25. Ra1 b4 26. Nd2 g5 27. Rec1 a5 28. c4
Bg6 29. Re1 h5 30. Be6 Rh8 31. f4 exf4 32. gxf4 g4 33. Rg1 Rh6 34. h3 Rbh8 35.
Rg3 f5 36. Rag1 Rf8 37. e5 Ne4 38. Nxe4 fxe4 39. Qf2 Qxe5 40. Qxc5 Rxf4 41.
Qxe7+ Bf7 42. h4 Rf3 43. Rxf3 exf3 44. Qxf7+ 1-0

[Event "Open Vitrolles 2024/25"]
[Site "Vitrolles"]
[Date "2024.11.30"]
[Round "4.9"]
[White "Scamaroni, Jean-Paul"]
[Black "Porte, Jacques"]
[Result "1-0"]
[WhiteElo "1606"]
[BlackElo "1468"]
[PlyCount "89"]Open Aubagne 2024/25

1. d4 d5 2. c4 c6 3. Nf3 Nf6 4. Nc3 e6 5. Bg5 Be7 6. e3 O-O 7. Rc1 Re8 8. cxd5
cxd5 9. Bd3 a6 10. O-O Nc6 11. a3 b5 12. Na2 Qc7 13. Nb4 Bb7 14. Ne5 Bxb4 15.
axb4 Qd6 16. Nxc6 Bxc6 17. Bxf6 gxf6 18. Rc5 f5 19. f4 Rac8 20. Rf3 Bb7 21. Rh3
Qf8 22. Qh5 h6 23. Qh4 Kh7 24. g4 Qg7 25. g5 Rh8 26. Qxh6+ Qxh6 27. Rxh6+ Kg7
28. Rxh8 Rxh8 29. Rc7 Bc8 30. Kg2 Kg6 31. Ra7 Rd8 32. Rc7 Kg7 33. h4 Kg6 34.
Be2 Bd7 35. h5+ Kh7 36. Kg3 Kg7 37. Kh4 f6 38. h6+ Kh7 39. Bh5 fxg5+ 40. fxg5
Kg8 41. g6 Kh8 42. Kg5 Kg8 43. g7 Be8 44. Bxe8 Rxe8 45. Kg6 1-0

[Event "Open Vitrolles 2024/25"]
[Site "Vitrolles"]
[Date "2024.11.30"]
[Round "4.10"]
[White "Biard, Andre"]
[Black "Chauvet, Joelle"]
[Result "0-1"]
[WhiteElo "1399"]
[BlackElo "1597"]
[PlyCount "48"]Open Aubagne 2024/25

1. d4 d5 2. Nc3 e6 3. e3 Nf6 4. Bd3 c5 5. Nf3 Nc6 6. O-O c4 7. Be2 Bd6 8. Bd2
O-O 9. b3 cxb3 10. axb3 a6 11. Bd3 e5 12. Re1 e4 13. Ng5 exd3 14. cxd3 Ng4 15.
f3 Bxh2+ 16. Kf1 Qxg5 17. fxg4 Bxg4 18. Ne2 Qf6+ 19. Nf4 Bxd1 20. Rexd1 g5 21.
Be1 gxf4 22. exf4 Qxf4+ 23. Bf2 Nxd4 24. Ra4 Bg3 0-1

[Event "Open Vitrolles 2024/25"]
[Site "Vitrolles"]
[Date "2024.11.30"]
[Round "4.11"]
[White "Ribelles, Anthony"]
[Black "Schoeni, Christine"]
[Result "1-0"]
[WhiteElo "1576"]
[BlackElo "1399"]
[PlyCount "109"]Open Aubagne 2024/25

1. e4 e5 2. Nf3 Nc6 3. d4 Nf6 4. dxe5 Nxe4 5. Qd5 Nc5 6. Bc4 Ne6 7. c3 Be7 8.
Nbd2 O-O 9. Ne4 h6 10. h4 d6 11. Be3 dxe5 12. O-O-O Qxd5 13. Rxd5 f6 14. Rhd1
b6 15. Bb3 a5 16. a4 Kh8 17. g3 Rd8 18. Nh2 Rxd5 19. Bxd5 Bb7 20. Bxe6 Rd8 21.
Rxd8+ Nxd8 22. Bf5 Nf7 23. f3 Nd6 24. Nxd6 Bxd6 25. Be4 Bc8 26. g4 c5 27. c4
Kg8 28. Nf1 Kf8 29. Ng3 Be6 30. Nf5 Bc7 31. Bd5 Bxf5 32. gxf5 Ke7 33. Kc2 Kd6
34. Kd3 Bd8 35. Ke4 Be7 36. f4 exf4 37. Bxf4+ Kd7 38. h5 Bd6 39. Bxd6 Kxd6 40.
Bb7 Kc7 41. Ba6 Kd6 42. Bb5 Ke7 43. Kd5 Kd8 44. Ke6 Kc7 45. Kf7 Kd6 46. Kxg7
Ke5 47. Bd7 Kf4 48. Kxh6 Kg4 49. Kg6 Kh4 50. h6 Kg4 51. h7 Kf4 52. h8=Q Ke4 53.
Qxf6 Kd3 54. Qc3+ Ke2 55. f6 1-0

[Event "Open Vitrolles 2024/25"]
[Site "Vitrolles"]
[Date "2024.12.14"]
[Round "5.1"]
[White "Mata, Thierry"]
[Black "Briquet, Xavier"]
[Result "1-0"]
[WhiteElo "1691"]
[BlackElo "1692"]
[PlyCount "41"]
[EventDate "1.??.??"]

1. d4 d5 2. Nf3 Nf6 3. e3 c6 4. Bd3 e6 5. Ne5 Bd6 6. f4 Nbd7 7. O-O c5 8. c3
cxd4 9. exd4 Qb6 10. Qe2 O-O 11. Nd2 Bc7 12. Ndf3 Nxe5 13. fxe5 Nd7 14. Bxh7+
Kh8 15. Ng5 Bxe5 16. Qh5 Bxd4+ 17. Kh1 Nf6 18. Rxf6 g6 19. Qh6 Qd8 20. Bg8+
Kxg8 21. Qh7# 1-0

[Event "Open Vitrolles 2024/25"]
[Site "Vitrolles"]
[Date "2024.12.14"]
[Round "5.2"]
[White "Benoit-Lizon, Alain"]
[Black "Chabaud, Philippe"]
[Result "0-1"]
[WhiteElo "1617"]
[BlackElo "1619"]
[PlyCount "116"]
[EventDate "1.??.??"]

1. e4 e6 2. d4 d5 3. Nc3 dxe4 4. Nxe4 Nd7 5. Bd3 Ngf6 6. Nf3 Nxe4 7. Bxe4 Nf6
8. Bd3 c5 9. O-O Be7 10. Bb5+ Bd7 11. Bxd7+ Qxd7 12. dxc5 Qxd1 13. Rxd1 Bxc5
14. Bd2 O-O 15. Be1 Rfd8 16. a3 Rac8 17. b4 Bb6 18. Rxd8+ Bxd8 19. Rc1 Nd5 20.
c4 Nf4 21. Rc2 Bf6 22. g3 Ng6 23. c5 Ne7 24. b5 Nd5 25. a4 b6 26. c6 Kf8 27.
Nd2 Be7 28. Nc4 f6 29. a5 Bc5 30. axb6 axb6 31. Kg2 Ra8 32. Bd2 Ke7 33. Ne3 Nc7
34. Rb2 Ra4 35. Nc2 Nd5 36. Be3 Nxe3+ 37. Nxe3 Ra3 38. Nc4 Ra4 39. Nd2 Bd6 40.
f3 f5 41. h4 e5 42. Kf2 g6 43. Ke2 e4 44. Rc2 exf3+ 45. Kxf3 Ra3+ 46. Ke2 Bc5
47. Nc4 Rxg3 48. Nxb6 Rg2+ 49. Kd3 Rxc2 50. Kxc2 Bxb6 51. Kd3 Kd6 52. Kc4 f4
53. Kd3 Kd5 54. Ke2 Ke4 55. Kf1 f3 56. Ke1 Ke3 57. Kf1 f2 58. h5 gxh5 0-1

[Event "Open Vitrolles 2024/25"]
[Site "Vitrolles"]
[Date "2024.12.14"]
[Round "5.3"]
[White "Siguret, William"]
[Black "Torelli, Roger"]
[Result "1-0"]
[WhiteElo "1737"]
[BlackElo "1686"]
[PlyCount "69"]
[EventDate "1.??.??"]

1. Nf3 d5 2. g3 Nf6 3. Bg2 e6 4. O-O Be7 5. c4 c6 6. Nc3 O-O 7. d4 Nbd7 8. Qc2
Nb6 9. c5 Nbd7 10. b4 b5 11. Bf4 a5 12. a3 Bb7 13. e4 Nxe4 14. Nxe4 dxe4 15.
Qxe4 Nf6 16. Qd3 Nd5 17. Bd2 a4 18. Rfe1 Bf6 19. h4 g6 20. Ne5 Re8 21. Bf3 Rc8
22. h5 Rc7 23. hxg6 hxg6 24. Kg2 Bg5 25. Rh1 Bxd2 26. Qxd2 Qf6 27. Ng4 Qg7 28.
Rh4 f5 29. Ne5 Nf6 30. Rah1 Kf8 31. Rh6 Ke7 32. Qg5 Kd8 33. Rxg6 Qf8 34. Rxf6
Qg8 35. Rg6+ 1-0

[Event "Open Vitrolles 2024/25"]
[Site "Vitrolles"]
[Date "2024.12.14"]
[Round "5.4"]
[White "Bouriel, Michel"]
[Black "Derien, Robert"]
[Result "1-0"]
[WhiteElo "1588"]
[BlackElo "1615"]
[PlyCount "107"]
[EventDate "1.??.??"]

1. c4 Nf6 2. Nc3 e5 3. Nf3 Nc6 4. g3 d5 5. cxd5 Nxd5 6. Bg2 Be7 7. Nxe5 Nxc3 8.
Nxc6 Nxd1 9. Nxd8 Nxf2 10. Nxf7 Nxh1 11. Nxh8 Nxg3 12. hxg3 c6 13. Bf3 Bf5 14.
g4 Be6 15. Be4 O-O-O 16. Bxh7 Rxh8 17. Bf5 Bxf5 18. gxf5 Rh1+ 19. Kf2 Bg5 20.
e3 c5 21. b3 Bf6 22. Kg2 Rh5 23. Rb1 Rxf5 24. Ba3 b6 25. e4 Rg5+ 26. Kf3 Bd4
27. Rh1 Rg6 28. d3 Rf6+ 29. Kg4 Rf2 30. Bc1 Rxa2 31. Bf4 a5 32. Rh8+ Kd7 33.
Rb8 a4 34. bxa4 Rxa4 35. Rxb6 Ra3 36. e5 Kc7 37. Rg6 Rxd3 38. Rxg7+ Kc6 39.
Rg6+ Kd7 40. e6+ Ke8 41. Bg5 Kf8 42. e7+ Kf7 43. Rg8 Kxg8 44. e8=Q+ Kg7 45.
Qe7+ Kg8 46. Qe8+ Kg7 47. Qe4 Rc3 48. Kf5 Kh7 49. Ke6+ Kg7 50. Qb7+ Kg6 51. Qg2
Kh5 52. Bd2 Re3+ 53. Bxe3 Bxe3 54. Qe2+ 1-0

[Event "Open Vitrolles 2024/25"]
[Site "Vitrolles"]
[Date "2024.12.14"]
[Round "5.5"]
[White "Cens, Alain"]
[Black "Ribelles, Anthony"]
[Result "1-0"]
[WhiteElo "1701"]
[BlackElo "1576"]
[PlyCount "49"]
[EventDate "1.??.??"]

1. c4 e5 2. Nc3 Nf6 3. g3 d5 4. cxd5 Nxd5 5. Bg2 Nb6 6. Nf3 Nc6 7. O-O Be7 8.
d3 O-O 9. a3 Be6 10. h3 a5 11. Be3 a4 12. Bxb6 Bb3 13. Bxc7 Qxc7 14. Qe1 Rfd8
15. Rc1 f6 16. Ne4 Qb6 17. Ned2 Bd5 18. Rc2 Bc5 19. Qb1 Ra5 20. Nc4 Bxc4 21.
Rxc4 Rb5 22. Rc2 Bxa3 23. Qa2+ Rb3 24. bxa3 Kh8 25. Nd2 1-0